000 00565nam a2200157 4500
008 160923b xxu||||| |||| 00| 0 eng d
020 _a1-58255-287-8
082 _22004
_aDC 618.9200231
_bSt8
245 _aStraight A's in pediatric nursing.
260 _aPhiladelphia:
_bLippincott Williams & Wilkins,
_cc2004.
300 _aviii, 407 pages:
_bcolor illustrations;
_c25 cm. +
_eCD (4 3/4 in.).
500 _aIncludes bibliographical references, glossary and index.
650 0 _915161
_aPediatric nursing
_xExaminations
365 _b2996.00
_cPhp
942 _2ddc
_cDC
999 _c4786
_d4786